Central Library and Information Centre
Sibsagar Girls' College, Sivasagar : Assam

PRACTICAL INVERTEBRATE ZOOLOGY (Record no. 6967)

MARC details
000 -LEADER
fixed length control field 00390cam a2200169ua 4500
008 - FIXED-LENGTH DATA ELEMENTS--GENERAL INFORMATION
fixed length control field 120121n1994 II |||gr||||Z||||||eng
040 ## - CATALOGING SOURCE
Original cataloging agency MAIN
041 ## - LANGUAGE CODE
-- English
082 ## - DEWEY DECIMAL CLASSIFICATION NUMBER
Classification number 592 BER
100 ## - MAIN ENTRY--PERSONAL NAME
Personal name BERRY, A. K.
245 ## - TITLE STATEMENT
Title PRACTICAL INVERTEBRATE ZOOLOGY
260 ## - PUBLICATION, DISTRIBUTION, ETC.
Place of publication, distribution, etc. DELHI
Name of publisher, distributor, etc. EMKAY PUBLICATION
Date of publication, distribution, etc. 1994
300 ## - PHYSICAL DESCRIPTION
Extent 315:
Dimensions 22CM.
942 ## - ADDED ENTRY ELEMENTS (KOHA)
Koha item type Books
653 ## - INDEX TERM--UNCONTROLLED
Uncontrolled term Invertebrates
Holdings
Withdrawn status Lost status Damaged status Not for loan Collection code Home library Current library Shelving location Date acquired Total Checkouts Full call number Barcode Date last seen Date last checked out Copy number Price effective from Koha item type Public note
        TBZOO Central Library and Information Centre Sibsagar Girls College Central Library and Information Centre Sibsagar Girls College ZOOLOGY BOOK RACK 05.02.1997 1 592 BER 14648 21.12.2021 08.12.2021 1 27.02.2020 Books V


Sibsagar Girl's College © 2020. All rights reserved.
Powered by Koha.
Maintained by Abhijit Borpuzari.